TV Show (A-Z) by Cast Photo III Quiz Stats

Quiz Updated Dec 27, 2015

Challenge
Share
Tweet
Score 0/23 Timer 08:00
4 Plays Today
% Correct
Breaking Bad
95.6%
Game of Thrones
94.2%
Cheers
92%
Malcolm in the Middle
91.2%
Lassie
90.4%
Happy Days
88.5%
Dawson's Creek
86.8%
King of Queens
85.1%
Everybody Hates Chris
80.2%
The Nanny
79.2%
Reba
78.7%
All in the Family
78.3%
% Correct
Prison Break
76.9%
Veep
75.3%
Freaks and Geeks
73.4%
The O.C.
70.4%
Smallville
69.8%
True Blood
48.9%
Judging Amy
36.6%
Quantico
35.2%
The Inbetweeners
27.6%
Warehouse 13
17.9%
Up All Night
16.7%

You're not logged in!

Compare scores with friends on all Sporcle quizzes.
Sign Up with Email
OR
Log In

You Might Also Like...

Show Comments

Extras

Top Quizzes Today


Score Distribution

Your Account Isn't Verified!

In order to create a playlist on Sporcle, you need to verify the email address you used during registration. Go to your Sporcle Settings to finish the process.